000 00517nam a2200193Ia 4500
003 GCL
008 140319s9999 xx 000 0 eng d
040 _aGCL /
_cGCL
082 0 4 _a759.13
_bS F
100 1 _aSHOUMATAFF, ELZABETH
245 1 0 _aFDR'S UNFINISHED PORTRAIT /
_cSHOUMATAFF, ELZABETH
260 _a[S.N] :
_bUNIVERSITY OF CALIFORNIA PRESS ،
_c1991
300 _a137 P
650 0 4 _aUNITED STATES
650 0 4 _aWATER COLOURS
650 0 4 _aPORTRAIT PAINTERS
650 0 4 _aROOSEVELT
942 _2ddc
_cBK
999 _c19313
_d19313